000
00296nam a22001337a 4500
008
180801b xxu||||| |||| 00| 0 eng d
082
_a
813.52
245
_a
Music an Appreciation
_c
Kamien,R
260
_c
2008
300
_a
5
_f
CD
440
_x
9780073265452
760
_b
9th
942
_2
ddc
_c
MX
999
_c
46701
_d
46701